Statistiques concernant Italien - Verbe irrégulier (Sapere)

Cliquez ici pour prendre le quiz!

Statistiques générales

  • Ce quiz a été pris 7 fois
  • Le résultat moyen est 24 sur 49

Statistiques - réponses

Tempo - PersonaConiugazione% Correct
lui/leisa
100%
tusai
100%
ioso
100%
lorosanno
71%
voisapete
71%
lui/leisapeva
71%
noisapevamo
71%
lorosapevano
71%
voisapevate
71%
tusapevi
71%
iosapevo
71%
noisappiamo
57%
lui/leisaprà
57%
tusaprai
57%
lorosapranno
57%
noisapremo
57%
voisaprete
57%
iosaprò
57%
io (maschile)saputo
57%
tusappi
43%
iosappia
43%
lui/leisappia
43%
lui/leisappia
43%
tusappia
43%
noisappiamo
43%
noisappiamo
43%
lorosappiano
43%
lorosappiano
43%
voisappiate
43%
voisappiate
43%
lui/leisaprebbe
43%
lorosaprebbero
43%
iosaprei
43%
noisapremmo
43%
voisapreste
43%
tusapresti
43%
noisapemmo
29%
io (maschile)sapendo
29%
lui/leisapesse
29%
lorosapessero
29%
iosapessi
29%
tusapessi
29%
noisapessimo
29%
voisapeste
29%
voisapeste
29%
tusapesti
29%
lui/leiseppe
29%
loroseppero
29%
ioseppi
29%

Distribution des résultats

Percentile par nombre de réponses

% des personnes avec chaque résultat

Votre développement - résultats

Vous n’avez pas pris ce quiz